[Event "Wch U20 59th"]
[Site "Cala Gonone"]
[Date "2022.10.21"]
[Round "10"]
[White "Stankovic, Dragan"]
[Black "Raahul, VS."]
[Result "0-1"]
[WhiteElo "2181"]
[BlackElo "2333"]
[PlyCount "86"]
[EventDate "2022.10.12"]
[EventType "swiss"]
[EventRounds "11"]
[EventCountry "ITA"]
[SourceTitle "CBM 210 Extra"]
[Source "ChessBase"]
[SourceDate "2022.11.30"]
[SourceVersion "1"]
[SourceVersionDate "2022.11.30"]
[SourceQuality "1"]

1. e4 e6 2. d4 d5 3. Bd3 dxe4 4. Bxe4 Nf6 5. Bf3 Nbd7 6. Ne2 e5 7. Nbc3 Bd6 8. 0-0 0-0 9. Bg5 h6 10. Bh4 Re8 11. dxe5 Nxe5 12. Bd5 Ng6 13. Bg3 Bg4 14. f3 Nxd5 15. Qxd5 Be6 16. Qd1 Bxg3 17. Nxg3 Qg5 18. Qc1 Nf4 19. Nce4 Qe5 20. Re1 Rad8 21. Nf2 Qg5 22. Nfe4 Qh4 23. Qe3 b6 24. Qc3 Bh3 25. gxh3 Qxh3 26. Re2 Rxe4 27. Rf2 Red4 28. Raf1 Rd1 29. Qe5 Rxf1+ 30. Nxf1 Qh4 31. Rd2 Ne6 32. Rxd8+ Qxd8 33. Kf2 Qh4+ 34. Ke2 Qc4+ 35. Ke1 Qxc2 36. Ne3 Qb1+ 37. Kf2 Qxa2 38. Qb5 c6 39. Qb4 Qb1 40. f4 c5 41. Qb5 Nxf4 42. Qe8+ Kh7 43. Kf3 Ng6 0-1

[Event "Wch U20 59th"]
[Site "Cala Gonone"]
[Date "2022.10.15"]
[Round "5"]
[White "Stankovic, Dragan"]
[Black "Budisavljevic, Luka"]
[Result "0-1"]
[WhiteElo "2181"]
[BlackElo "2524"]
[PlyCount "80"]
[EventDate "2022.10.12"]
[EventType "swiss"]
[EventRounds "11"]
[EventCountry "ITA"]
[SourceTitle "CBM 210 Extra"]
[Source "ChessBase"]
[SourceDate "2022.11.30"]
[SourceVersion "1"]
[SourceVersionDate "2022.11.30"]
[SourceQuality "1"]

1. e4 e6 2. d4 d5 3. Bd3 dxe4 4. Bxe4 Nf6 5. Bf3 Be7 6. Ne2 0-0 7. 0-0 c5 8. Be3 cxd4 9. Bxd4 Qc7 10. Nd2 Rd8 11. Bc3 Nc6 12. Qc1 Nd5 13. Bxd5 Rxd5 14. Nf3 e5 15. Rd1 Rxd1+ 16. Qxd1 Be6 17. Ng3 f6 18. Qe2 Bf8 19. Rd1 Rc8 20. Qe4 Ne7 21. a3 Qc6 22. Qxc6 Rxc6 23. Rc1 Nd5 24. Bd2 Nb6 25. Ne2 Kf7 26. Kf1 Nc4 27. Bc3 Rb6 28. b3 Nxa3 29. Bd2 Bf5 30. Ne1 Nb5 31. Be3 Ra6 32. c4 Nc7 33. Nc3 Ra3 34. Nb5 Nxb5 35. cxb5 Ke6 36. Rc7 b6 37. Ke2 Kd6 38. Rc3 Kd7 39. Nd3 Ra5 40. b4 Rxb5 0-1

[Event "Wch U20 59th"]
[Site "Cala Gonone"]
[Date "2022.10.13"]
[Round "3"]
[White "Stankovic, Dragan"]
[Black "Di Benedetto, Edoardo"]
[Result "0-1"]
[WhiteElo "2181"]
[BlackElo "2396"]
[PlyCount "242"]
[EventDate "2022.10.12"]
[EventType "swiss"]
[EventRounds "11"]
[EventCountry "ITA"]
[SourceTitle "CBM 210 Extra"]
[Source "ChessBase"]
[SourceDate "2022.11.30"]
[SourceVersion "1"]
[SourceVersionDate "2022.11.30"]
[SourceQuality "1"]

1. e4 e6 2. d4 d5 3. Bd3 dxe4 4. Bxe4 Nf6 5. Bf3 c5 6. Ne2 Nc6 7. Be3 cxd4 8. Nxd4 Ne5 9. Nc3 Be7 10. Ndb5 Nxf3+ 11. Qxf3 a6 12. Rd1 Bd7 13. Nd6+ Bxd6 14. Rxd6 Qc7 15. Rd2 Bc6 16. Qh3 0-0 17. 0-0 e5 18. Bg5 Ne4 19. Nxe4 Bxe4 20. a3 Qc6 21. c3 h6 22. Be3 Rfe8 23. Rfd1 Re6 24. f3 Bg6 25. Qh4 Rae8 26. Rd8 Kh7 27. Rxe8 Rxe8 28. Rd8 f5 29. Rxe8 Qxe8 30. f4 Qa4 31. Qe1 exf4 32. Bd4 Qe8 33. Qe5 Qd7 34. Qxf4 Bf7 35. Qe5 Bd5 36. g3 Qf7 37. h4 Bc6 38. Kf2 Qg6 39. Qf4 Qh5 40. Ke3 Bb5 41. Qf3 Qe8+ 42. Kd2 Qe6 43. a4 Bc6 44. Qf4 Bxa4 45. Qe5 Qf7 46. Ke3 Qg6 47. Kf2 Bc6 48. Ke3 Qg4 49. Qf4 Qh5 50. Qe5 Qf3+ 51. Kd2 Qg4 52. Qf4 Qh5 53. Qe5 Qg6 54. Ke3 Bb5 55. b4 Qg4 56. Kd2 Ba4 57. Ke3 Bc2 58. Kf2 Be4 59. Ke1 Qg6 60. Kf2 Bc6 61. Ke3 Bh1 62. Kf2 Be4 63. Ke3 b6 64. Kf2 a5 65. bxa5 bxa5 66. Qxa5 f4 67. gxf4 Qg2+ 68. Ke1 Qh1+ 69. Ke2 Qf3+ 70. Ke1 Qxf4 71. Qd8 Qg3+ 72. Kd2 Qg2+ 73. Ke1 Qg3+ 74. Kd2 Qf4+ 75. Ke1 Qc1+ 76. Ke2 Qc2+ 77. Ke1 Qb1+ 78. Kd2 Qb7 79. Qf8 Qd7 80. Qf4 Qe6 81. Qg3 Qf7 82. Qe5 Qg6 83. Ke3 Bb1 84. Kf2 Qg4 85. Qg3 Qf5+ 86. Kg1 Qf7 87. Qf2 Bf5 88. Qg3 Be4 89. Kh2 Qe7 90. Kg1 Bd5 91. Qe5 Qd7 92. Kh2 Bb7 93. Qg3 Qf7 94. Kg1 Bc6 95. Qg4 Bd7 96. Qg3 Bf5 97. Kh2 Qb7 98. Qe5 Be4 99. Kg3 Bb1 100. Kh2 Qf7 101. Kg3 Bf5 102. Kh2 Be6 103. Kg3 Bd5 104. Kh2 Bb7 105. Qg3 Qa2+ 106. Qf2 Qd5 107. Qg1 Qa2+ 108. Qf2 Qb1 109. Qg1 Qc2+ 110. Qf2 Qe4 111. Be3 Qe5+ 112. Qf4 Qxc3 113. Qf5+ Kg8 114. Qe6+ Kh8 115. Qe8+ Kh7 116. h5 Qc2+ 117. Kg3 Qg2+ 118. Kh4 Be4 119. Qe5 Qh1+ 120. Kg3 Qf3+ 121. Kh4 Bf5 0-1

[Event "Wch U20 59th"]
[Site "Cala Gonone"]
[Date "2022.10.12"]
[Round "1"]
[White "Stankovic, Dragan"]
[Black "Stoyanov, Tsvetan"]
[Result "0-1"]
[WhiteElo "2181"]
[BlackElo "2449"]
[PlyCount "76"]
[EventDate "2022.10.12"]
[EventType "swiss"]
[EventRounds "11"]
[EventCountry "ITA"]
[SourceTitle "CBM 210 Extra"]
[Source "ChessBase"]
[SourceDate "2022.11.30"]
[SourceVersion "1"]
[SourceVersionDate "2022.11.30"]
[SourceQuality "1"]

1. e4 c5 2. Nf3 d6 3. d4 cxd4 4. Nxd4 Nf6 5. Nc3 a6 6. Be3 e5 7. Nf3 Be7 8. Bc4 0-0 9. 0-0 Be6 10. Bxe6 fxe6 11. Na4 Ng4 12. Qd3 Nxe3 13. Qxe3 b5 14. Nc3 Nd7 15. Ne2 Rc8 16. c3 Nb6 17. b3 Rc6 18. Rad1 Qe8 19. Rd3 Qg6 20. Rfd1 Rfc8 21. Nd2 d5 22. Qg3 Qh5 23. Qf3 Qxf3 24. Rxf3 b4 25. Nb1 dxe4 26. Rh3 bxc3 27. Rxc3 Bc5 28. Rdc1 Nd5 29. Rc4 e3 30. f3 Nf4 31. Kf1 Nd3 32. R1c3 Rd8 33. g3 Rcd6 34. Kg2 Bb6 35. Kh3 Ne1 36. f4 Rd2 37. Ng1 Rxa2 38. fxe5 e2 0-1

[Event "BIH-chT 19th"]
[Site "Neum"]
[Date "2021.09.19"]
[Round "3.6"]
[White "Hadzovic, Amir"]
[Black "Stankovic, Dragan"]
[Result "1-0"]
[WhiteElo "2248"]
[BlackElo "2205"]
[PlyCount "58"]
[EventDate "2021.09.17"]
[EventType "team-tourn"]
[EventRounds "9"]
[EventCountry "BIH"]
[SourceTitle "EXT 2023"]
[Source "ChessBase"]
[SourceDate "2022.10.05"]
[SourceVersion "1"]
[SourceVersionDate "2022.10.05"]
[SourceQuality "1"]
[WhiteTeam "Sarajevo SK"]
[BlackTeam "Bihac"]
[WhiteTeamCountry "BIH"]
[BlackTeamCountry "BIH"]

1. e4 c6 2. d3 d5 3. Nd2 g6 4. f4 Bg7 5. Ngf3 Qb6 6. Qe2 a5 7. c3 a4 8. d4 Nh6 9. g3 0-0 10. Bg2 Bg4 11. 0-0 e6 12. Qf2 Bxf3 13. Bxf3 Nd7 14. h3 dxe4 15. Nxe4 Nf5 16. Bh1 Qc7 17. g4 Ne7 18. Qh4 f6 19. Bg2 Rae8 20. b3 Rf7 21. Ba3 Nc8 22. Rae1 Bf8 23. Bxf8 Rexf8 24. f5 g5 25. Qf2 e5 26. dxe5 Nxe5 27. Nc5 Qb6 28. b4 Rd8 29. Qe2 Ne7 1-0

[Event "BIH-chT 19th"]
[Site "Neum"]
[Date "2021.09.17"]
[Round "1.6"]
[White "Savanovic, Aleksandar"]
[Black "Stankovic, Dragan"]
[Result "1/2-1/2"]
[WhiteElo "2399"]
[BlackElo "2205"]
[PlyCount "98"]
[EventDate "2021.09.17"]
[EventType "team-tourn"]
[EventRounds "9"]
[EventCountry "BIH"]
[SourceTitle "EXT 2023"]
[Source "ChessBase"]
[SourceDate "2022.10.05"]
[SourceVersion "1"]
[SourceVersionDate "2022.10.05"]
[SourceQuality "1"]
[WhiteTeam "Sarajevo Bosna"]
[BlackTeam "Bihac"]
[WhiteTeamCountry "BIH"]
[BlackTeamCountry "BIH"]

1. e4 c6 2. d4 d5 3. Nc3 dxe4 4. Nxe4 Bf5 5. Ng3 Bg6 6. h4 h6 7. Nf3 Nd7 8. h5 Bh7 9. Bd3 Bxd3 10. Qxd3 e6 11. Bd2 Qc7 12. 0-0-0 Ngf6 13. Ne4 Nxe4 14. Qxe4 Nf6 15. Qe2 0-0-0 16. Kb1 Bd6 17. c4 c5 18. Bc3 cxd4 19. Nxd4 a6 20. g4 Rd7 21. c5 Bf4 22. c6 Rd5 23. cxb7+ Kxb7 24. Nb3 Rhd8 25. Qf3 Kb8 26. Rxd5 Rxd5 27. Bxf6 gxf6 28. Rd1 Rxd1+ 29. Qxd1 Kc8 30. Qd3 Qc6 31. f3 Kc7 32. a3 Bg5 33. Na5 Qd6 34. Kc2 Qf4 35. Qc3+ Kd7 36. Qc6+ Ke7 37. Qc5+ Kd7 38. Nc4 Qxf3 39. Qa7+ Kd8 40. Qxa6 Qxg4 41. Qd6+ Ke8 42. Qb8+ Ke7 43. Qb4+ Kd8 44. Qf8+ Kd7 45. Qxf7+ Kc6 46. Kb3 Qd1+ 47. Kc3 Qe1+ 48. Kb3 Qd1+ 49. Kc3 Qe1+ 1/2-1/2

[Event "BIH-chT1A 28th"]
[Site "Mostar"]
[Date "2021.08.10"]
[Round "7.4"]
[White "Musovic, Armin"]
[Black "Stankovic, Dragan"]
[Result "1-0"]
[WhiteElo "2282"]
[BlackElo "2205"]
[PlyCount "66"]
[EventDate "2021.08.06"]
[EventType "team-tourn"]
[EventRounds "9"]
[EventCountry "BIH"]
[SourceTitle "CBM 203 Extra"]
[Source "ChessBase"]
[SourceDate "2021.09.30"]
[SourceVersion "1"]
[SourceVersionDate "2021.09.30"]
[SourceQuality "1"]
[WhiteTeam "Konjic Igman"]
[BlackTeam "Zenica Celik"]
[WhiteTeamCountry "BIH"]
[BlackTeamCountry "BIH"]

1. e4 c6 2. d4 d5 3. exd5 cxd5 4. c4 Nf6 5. Nc3 Nc6 6. Nf3 Bg4 7. cxd5 Nxd5 8. Qb3 Bxf3 9. gxf3 e6 10. Qxb7 Nxd4 11. Bb5+ Nxb5 12. Qc6+ Ke7 13. Qxb5 Nxc3 14. bxc3 Qd7 15. Qb4+ Ke8 16. Qe4 Rc8 17. 0-0 Qc6 18. Rb1 Qxe4 19. fxe4 Ke7 20. e5 Kd7 21. Be3 Kc6 22. Bxa7 Be7 23. Rb6+ Kd5 24. Rb7 Bc5 25. Rd1+ Kxe5 26. Re1+ Kd5 27. Bxc5 Rxc5 28. Rxf7 g5 29. Rd7+ Kc4 30. Re3 Rf8 31. Re7 Ra5 32. R7xe6 Rff5 33. Rc6+ Kb5 1-0

[Event "BIH-chT1A 28th"]
[Site "Mostar"]
[Date "2021.08.07"]
[Round "3.3"]
[White "Stankovic, Dragan"]
[Black "Osmanbegovic, Avdo"]
[Result "1-0"]
[WhiteElo "2205"]
[BlackElo "1985"]
[PlyCount "81"]
[EventDate "2021.08.06"]
[EventType "team-tourn"]
[EventRounds "9"]
[EventCountry "BIH"]
[SourceTitle "CBM 203 Extra"]
[Source "ChessBase"]
[SourceDate "2021.09.30"]
[SourceVersion "1"]
[SourceVersionDate "2021.09.30"]
[SourceQuality "1"]
[WhiteTeam "Zenica Celik"]
[BlackTeam "Tesanj"]
[WhiteTeamCountry "BIH"]
[BlackTeamCountry "BIH"]

1. e4 e6 2. d4 d5 3. Bd3 Bd7 4. e5 c5 5. c3 Nc6 6. Ne2 Nge7 7. Nd2 b5 8. Bxb5 Nxe5 9. Bxd7+ Nxd7 10. Nf3 Nc6 11. 0-0 Be7 12. Re1 0-0 13. Be3 Rc8 14. Nf4 cxd4 15. Nxd4 Nxd4 16. Bxd4 Bc5 17. Bxc5 Nxc5 18. Qd4 Qb6 19. Nh5 f6 20. Re2 Ne4 21. Nf4 Rfe8 22. Rae1 Qxd4 23. cxd4 Rc4 24. f3 Ng5 25. Nxe6 Nxe6 26. Rxe6 Rxe6 27. Rxe6 Rxd4 28. Kf2 Kf7 29. Re2 Ra4 30. a3 Rc4 31. Ke1 Rc6 32. Kd2 Re6 33. Rxe6 Kxe6 34. Kd3 Ke5 35. b4 a6 36. a4 g6 37. b5 axb5 38. axb5 f5 39. f4+ Ke6 40. Kd4 Kd6 41. g3 1-0

[Event "Banja Luka Challenge 1"]
[Site "Banja Luka"]
[Date "2019.10.03"]
[Round "2.4"]
[White "Stankovic, Dragan"]
[Black "Galic, Radenko"]
[Result "1-0"]
[WhiteElo "2149"]
[BlackElo "1980"]
[PlyCount "83"]
[EventDate "2019.10.03"]
[EventType "schev"]
[EventRounds "8"]
[EventCountry "BIH"]
[SourceTitle "EXT 2020"]
[Source "ChessBase"]
[SourceDate "2019.10.17"]
[SourceVersion "1"]
[SourceVersionDate "2019.10.17"]
[SourceQuality "1"]
[WhiteTeam "Kadeti"]
[BlackTeam "Seniors"]
[WhiteTeamCountry "BIH"]
[BlackTeamCountry "BIH"]

1. e4 e5 2. Nf3 Nc6 3. d4 exd4 4. Nxd4 d5 5. Bb5 Bd7 6. exd5 Nxd4 7. Bxd7+ Qxd7 8. Qxd4 Nf6 9. c4 Bb4+ 10. Bd2 Bxd2+ 11. Nxd2 0-0-0 12. 0-0 Kb8 13. Nf3 Rhe8 14. Rfe1 Qa4 15. Rxe8 Rxe8 16. d6 Re4 17. dxc7+ Kxc7 18. Qc5+ Qc6 19. Qxa7 Rxc4 20. Qe3 Ng4 21. Qe7+ Kb8 22. h3 Rc1+ 23. Rxc1 Qxc1+ 24. Qe1 Qxe1+ 25. Nxe1 Ne5 26. f4 Nc4 27. b3 Nd6 28. Kf2 Kc7 29. Ke3 Kc6 30. Kd4 b5 31. g4 f6 32. Nd3 Nf7 33. Nb4+ Kd6 34. a4 bxa4 35. bxa4 Nd8 36. a5 Ne6+ 37. Kc4 Nxf4 38. a6 Kc7 39. Nd5+ Nxd5 40. Kxd5 Kb6 41. Ke6 Kxa6 42. Kf7 1-0

[Event "BIH-chT1"]
[Site "Bosanska Krupa"]
[Date "2018.08.29"]
[Round "8"]
[White "Nuhic, Amir"]
[Black "Stankovic, Dragan"]
[Result "1-0"]
[WhiteElo "2155"]
[BlackElo "1924"]
[PlyCount "101"]
[EventDate "2018.08.25"]
[EventType "tourn"]
[EventRounds "9"]
[EventCountry "BIH"]
[SourceTitle "CBM 186 Extra"]
[Source "ChessBase"]
[SourceDate "2018.08.24"]
[SourceVersion "1"]
[SourceVersionDate "2018.08.24"]
[SourceQuality "1"]

1. e4 c6 2. d4 d5 3. Nc3 dxe4 4. Nxe4 Bf5 5. Ng3 Bg6 6. Nf3 Nd7 7. h4 h6 8. h5 Bh7 9. Bd3 Bxd3 10. Qxd3 e6 11. Bf4 Qa5+ 12. Bd2 Qc7 13. 0-0-0 Bd6 14. Ne4 Bf4 15. Kb1 Bxd2 16. Nfxd2 Ngf6 17. Qa3 c5 18. dxc5 0-0 19. Rhg1 Nxe4 20. Nxe4 Rfc8 21. Nd6 Rd8 22. Nb5 Qxc5 23. Qxc5 Nxc5 24. Rxd8+ Rxd8 25. Nxa7 Ne4 26. f3 Ng3 27. c4 Nxh5 28. c5 Rd2 29. b4 Nf4 30. b5 Nd3 31. c6 bxc6 32. bxc6 Rb2+ 33. Ka1 Rc2 34. Rd1 Nb4 35. Kb1 Rc4 36. Rc1 Rxc1+ 37. Kxc1 Nd5 38. Nb5 Ne7 39. c7 Nc8 40. Kc2 Kf8 41. Kc3 Ke7 42. Kc4 Kd7 43. Kc5 e5 44. a4 f5 45. Kd5 Nb6+ 46. Kxe5 Nxa4 47. Kxf5 Nc5 48. Kg6 Ne6 49. g3 Kc8 50. f4 Kd7 51. f5 1-0

[Event "BIH-chT1"]
[Site "Bosanska Krupa"]
[Date "2018.08.29"]
[Round "7"]
[White "Stankovic, Dragan"]
[Black "Mesic, Ismet"]
[Result "1/2-1/2"]
[WhiteElo "1924"]
[BlackElo "1562"]
[PlyCount "26"]
[EventDate "2018.08.25"]
[EventType "tourn"]
[EventRounds "9"]
[EventCountry "BIH"]
[SourceTitle "CBM 186 Extra"]
[Source "ChessBase"]
[SourceDate "2018.08.24"]
[SourceVersion "1"]
[SourceVersionDate "2018.08.24"]
[SourceQuality "1"]

1. e4 c5 2. Nf3 d6 3. d4 cxd4 4. Nxd4 Nf6 5. Nc3 g6 6. Be3 Bg7 7. f3 Nc6 8. Qd2 0-0 9. 0-0-0 d5 10. Bb5 Nxd4 11. Bxd4 dxe4 12. Bxf6 Qxd2+ 13. Rxd2 exf6 1/2-1/2

[Event "Srpska Republic-chT 1st League"]
[Site "Banja Dvorovi"]
[Date "2018.08.12"]
[Round "9.1"]
[White "Stankovic, Dragan"]
[Black "Peric, David"]
[Result "1-0"]
[WhiteElo "1924"]
[BlackElo "1488"]
[PlyCount "109"]
[EventDate "2018.08.04"]
[EventType "team-tourn"]
[EventRounds "9"]
[EventCountry "BIH"]
[SourceTitle "CBM 186 Extra"]
[Source "ChessBase"]
[SourceDate "2018.08.24"]
[SourceVersion "1"]
[SourceVersionDate "2018.08.24"]
[SourceQuality "1"]
[WhiteTeam "Prijedor Rudar"]
[BlackTeam "Bijeljina Svetozar Gligoric"]
[WhiteTeamCountry "BIH"]
[BlackTeamCountry "BIH"]

1. e4 e5 2. Nf3 Nc6 3. d4 exd4 4. Nxd4 Bc5 5. Be3 Qf6 6. c3 Nge7 7. Bc4 0-0 8. 0-0 Qg6 9. Nd2 d5 10. Nxc6 Qxc6 11. exd5 Nxd5 12. Bxc5 Qxc5 13. Bb3 Nf6 14. Nf3 Bg4 15. Qd4 Qxd4 16. Nxd4 c5 17. Nc2 Rfe8 18. Ne3 Be6 19. Rfd1 Rad8 20. Rxd8 Rxd8 21. Bxe6 fxe6 22. Kf1 b5 23. Ke2 Kf7 24. a4 b4 25. cxb4 cxb4 26. Rc1 Rd7 27. Rc4 Rb7 28. b3 Nd5 29. Nxd5 exd5 30. Rc6 Ke7 31. Kd3 Kd7 32. Rc5 Ke6 33. f4 Rf7 34. g3 h6 35. Rb5 Rc7 36. Rxb4 Kd6 37. Rb5 g6 38. Kd4 Rc2 39. Rxd5+ Kc6 40. Ra5 Rxh2 41. Rxa7 Rb2 42. Kc3 Rg2 43. Ra6+ Kb7 44. Rxg6 h5 45. Rg5 Rf2 46. Kc4 h4 47. gxh4 Rxf4+ 48. Kb5 Rxh4 49. Rg7+ Kc8 50. b4 Rh6 51. Ka5 Kb8 52. b5 Rf6 53. b6 Kc8 54. Ka6 Re6 55. Ka7 1-0

[Event "Sarajevo Bosna op 48th"]
[Site "Sarajevo"]
[Date "2018.05.09"]
[Round "7"]
[White "Stankovic, Dragan"]
[Black "Maksimovic, Masa"]
[Result "1-0"]
[WhiteElo "1919"]
[BlackElo "2087"]
[PlyCount "139"]
[EventDate "2018.05.05"]
[EventType "swiss"]
[EventRounds "9"]
[EventCountry "BIH"]
[SourceTitle "CBM 184 Extra"]
[Source "ChessBase"]
[SourceDate "2018.06.28"]
[SourceVersion "1"]
[SourceVersionDate "2018.06.28"]
[SourceQuality "1"]

1. e4 c5 2. Nf3 d6 3. d4 cxd4 4. Nxd4 Nf6 5. Nc3 e6 6. Be2 a6 7. Be3 Nbd7 8. 0-0 b5 9. a3 Bb7 10. f3 Rc8 11. Qd2 Qc7 12. Rad1 Be7 13. Bf2 0-0 14. Kh1 Nb6 15. Rfe1 Nfd7 16. Bd3 Ne5 17. Nce2 Nec4 18. Qc1 d5 19. Bg3 Bd6 20. exd5 Nxd5 21. Bxc4 bxc4 22. Bxd6 Qxd6 23. Ng3 Qc7 24. Nh5 Qd8 25. Re4 Kh8 26. Ne2 Qe7 27. Red4 Rfd8 28. c3 e5 29. R4d2 g6 30. Nhg3 f5 31. Ng1 Kg7 32. Nh3 h6 33. Re1 Qf6 34. Rde2 Re8 35. Qc2 Rcd8 36. b3 Nb6 37. a4 cxb3 38. Qxb3 Bd5 39. Qb4 Rd6 40. a5 Nc4 41. Nf4 Bf7 42. Nh3 Red8 43. Nf2 Qe7 44. Nf1 Qa7 45. g3 Qa8 46. Kg2 Bd5 47. Kg1 Qc8 48. Nd2 Nxd2 49. Rxd2 R6d7 50. Rxe5 Bxf3 51. Re7+ Kh8 52. Rdxd7 Rxd7 53. Rxd7 Qxd7 54. Qf4 Qc6 55. Qxh6+ Kg8 56. Qd2 Kf7 57. Qd4 Qe6 58. Nd3 Be4 59. Ne5+ Kg8 60. c4 Bc6 61. Kf2 Be4 62. Ke3 Qf6 63. Nf3 Qe7 64. Qc3 Qa7+ 65. c5 Qe7 66. Qe5 Qd7 67. Nd4 Bd5 68. Kf4 Be4 69. Qe6+ Qxe6 70. Nxe6 1-0

[Event "Sarajevo Bosna op 48th"]
[Site "Sarajevo"]
[Date "2018.05.08"]
[Round "6"]
[White "Stankovic, Dragan"]
[Black "Bajic, Salko"]
[Result "1-0"]
[WhiteElo "1919"]
[BlackElo "1715"]
[PlyCount "78"]
[EventDate "2018.05.05"]
[EventType "swiss"]
[EventRounds "9"]
[EventCountry "BIH"]
[SourceTitle "CBM 184 Extra"]
[Source "ChessBase"]
[SourceDate "2018.06.28"]
[SourceVersion "1"]
[SourceVersionDate "2018.06.28"]
[SourceQuality "1"]

1. e4 e5 2. Nf3 Nc6 3. d4 exd4 4. Nxd4 Nxd4 5. Qxd4 d6 6. Bc4 Be6 7. 0-0 Qf6 8. Qd3 Ne7 9. Bxe6 Qxe6 10. Qb5+ Qd7 11. Qxb7 Qc8 12. Qb5+ c6 13. Qe2 g6 14. Bf4 Qe6 15. Nd2 Bg7 16. Rad1 0-0 17. b3 Nd5 18. Qf3 Nc3 19. Rde1 Nxa2 20. Nc4 Rfd8 21. Qg3 d5 22. exd5 Qxd5 23. Be5 Bxe5 24. Nxe5 Nb4 25. Ng4 Qd6 26. Qc3 Qd4 27. Re8+ Kg7 28. Qxd4+ Rxd4 29. Rxa8 Rxg4 30. c3 Nd3 31. Rxa7 Nf4 32. g3 Ne2+ 33. Kg2 Nxc3 34. Rc1 Nb5 35. Rb7 Nd4 36. Rc4 c5 37. Rxc5 Nf5 38. Rc4 Rg5 39. f4 Rg4 1-0

[Event "SRB-chT 1st League"]
[Site "Valjevo"]
[Date "2010.09.25"]
[Round "10"]
[White "Rabrenovic, Vladan"]
[Black "Stankovic, Dragan"]
[Result "1-0"]
[WhiteElo "2384"]
[BlackElo "2287"]
[PlyCount "79"]
[EventDate "2010.09.18"]
[EventType "team"]
[EventRounds "11"]
[EventCountry "SRB"]
[SourceTitle "CBM 138 Extra"]
[Source "ChessBase"]
[SourceDate "2010.10.29"]
[SourceVersion "1"]
[SourceVersionDate "2010.10.29"]
[SourceQuality "1"]

1. d4 Nf6 2. c4 g6 3. Nc3 d5 4. cxd5 Nxd5 5. Bd2 Bg7 6. e4 Nb6 7. Be3 0-0 8. Nf3 Bg4 9. Be2 Bxf3 10. gxf3 Nc6 11. d5 Ne5 12. Qb3 Qc8 13. h4 a5 14. a4 Re8 15. Rc1 Qd8 16. f4 Ned7 17. Nb5 c6 18. dxc6 bxc6 19. Rxc6 Rc8 20. Rc2 Rxc2 21. Qxc2 Qb8 22. b3 Rc8 23. Bc4 Nxc4 24. bxc4 Nc5 25. h5 Qb7 26. f3 Qd7 27. Ke2 Qe6 28. hxg6 hxg6 29. Kf2 Na6 30. c5 Nb4 31. Qd2 Qb3 32. Qd7 Rf8 33. c6 Qc2+ 34. Kg3 Nxc6 35. Rc1 Qb3 36. Bc5 Nb8 37. Qxe7 Na6 38. Bd4 Bxd4 39. Nxd4 Qxa4 40. Qf6 1-0

[Event "SRB-chT 1st League"]
[Site "Valjevo"]
[Date "2010.09.24"]
[Round "9"]
[White "Stankovic, Dragan"]
[Black "Sorgic, Dragan"]
[Result "1/2-1/2"]
[WhiteElo "2287"]
[BlackElo "2310"]
[PlyCount "133"]
[EventDate "2010.09.18"]
[EventType "team"]
[EventRounds "11"]
[EventCountry "SRB"]
[SourceTitle "CBM 138 Extra"]
[Source "ChessBase"]
[SourceDate "2010.10.29"]
[SourceVersion "1"]
[SourceVersionDate "2010.10.29"]
[SourceQuality "1"]

1. d4 d6 2. c4 g6 3. Nc3 Nf6 4. e4 Bg7 5. f4 0-0 6. Nf3 Na6 7. Bd3 e5 8. fxe5 dxe5 9. d5 Nc5 10. 0-0 Nxd3 11. Qxd3 Nh5 12. Bg5 Qd7 13. Qd2 f6 14. Be3 f5 15. exf5 gxf5 16. Bh6 e4 17. Nd4 Rf6 18. Bxg7 Qxg7 19. Rf2 Bd7 20. Raf1 Raf8 21. Nde2 Rh6 22. Nxe4 Re8 23. N4g3 Nf6 24. Nxf5 Bxf5 25. Rxf5 Ne4 26. Qd4 Nd6 27. Qxg7+ Kxg7 28. Ng3 Rg6 29. R5f4 Re5 30. c5 Ne8 31. Rf7+ Kh8 32. Rd7 Nf6 33. Rxc7 Rxd5 34. b4 Rd2 35. Rxb7 Nd5 36. Rb8+ Rg8 37. Rxg8+ Kxg8 38. Ne4 Rxa2 39. Nf6+ Nxf6 40. Rxf6 Kg7 41. Rf4 Rc2 42. h3 Kg6 43. Rd4 h5 44. Rd6+ Kg5 45. Ra6 Rc4 46. Rxa7 Rxb4 47. c6 Rc4 48. Rc7 Kf4 49. Rf7+ Kg3 50. Rf3+ Kh4 51. Rf6 Kg3 52. Rg6+ Kh4 53. g3+ Kxh3 54. Kf2 h4 55. gxh4 Kxh4 56. Ke3 Kh5 57. Kd3 Rc1 58. Re6 Kg5 59. Kd4 Kf5 60. Re5+ Kf6 61. Rc5 Rd1+ 62. Kc4 Ke6 63. c7 Rc1+ 64. Kb5 Rxc5+ 65. Kxc5 Kd7 66. Kb6 Kc8 67. Kc6 1/2-1/2

[Event "SRB-chT 1st League"]
[Site "Valjevo"]
[Date "2010.09.20"]
[Round "3"]
[White "Stamenkovic, Dragan"]
[Black "Stankovic, Dragan"]
[Result "1-0"]
[WhiteElo "2382"]
[BlackElo "2287"]
[PlyCount "33"]
[EventDate "2010.09.18"]
[EventType "team"]
[EventRounds "11"]
[EventCountry "SRB"]
[SourceTitle "CBM 138 Extra"]
[Source "ChessBase"]
[SourceDate "2010.10.29"]
[SourceVersion "1"]
[SourceVersionDate "2010.10.29"]
[SourceQuality "1"]

1. d4 Nf6 2. Bg5 Ne4 3. Bf4 d5 4. e3 Nd7 5. Bd3 Ndf6 6. f3 Nd6 7. Nd2 g6 8. e4 dxe4 9. fxe4 Bg4 10. Ngf3 Bg7 11. h3 Bd7 12. Bh2 Nc8 13. c4 0-0 14. 0-0 c6 15. Qe1 Be8 16. Qe3 Nd7 17. e5 1-0

[Event "SRB-chT2"]
[Site "Golubac"]
[Date "2008.09.27"]
[Round "11"]
[White "Stankovic, Dragan"]
[Black "Markovic, Dejan"]
[Result "1/2-1/2"]
[WhiteElo "2344"]
[BlackElo "2339"]
[PlyCount "33"]
[EventDate "2008.09.20"]
[EventType "team-tourn"]
[EventRounds "11"]
[EventCountry "YUG"]
[SourceTitle "EXT 2010"]
[Source "ChessBase"]
[SourceDate "2010.11.25"]
[SourceVersion "1"]
[SourceVersionDate "2010.11.25"]
[SourceQuality "1"]

1. d4 d5 2. c4 c6 3. Nf3 Nf6 4. Nc3 e6 5. cxd5 exd5 6. Qc2 Be6 7. Bg5 Bd6 8. e3 h6 9. Bh4 0-0 10. Bd3 Re8 11. 0-0 Qc7 12. Bg3 Bxg3 13. hxg3 Qd6 14. Rab1 a6 15. b4 b5 16. a4 Re7 17. Nh4 1/2-1/2